000 00568nam a2200217Ia 4500
003 OSt
005 20260423152630.0
008 240925s9999 xx 000 0 und d
020 _a8120331176
040 _caacr2
082 _a004.16 SHO
100 _aShort,Kenneth.L
245 0 _aMicroprocessors and programmed logic
250 _aNA
260 _aNew York:
_bPrentice Hall
_c1987
300 _a619p.
_bN.A
_fPhotocopy
500 _aIncludes Index
600 _aComputer Science
650 _aComputer science, information & general works
942 _cBK
_2ddc
999 _c11424
_d11424